Dopady globalizácie v oblasti poľnohospodárstva

Salvato in:
Dettagli Bibliografici
Autore principale: Chebeň, Juraj
Natura: Capitolo di libro
Lingua:slovacco
Tags: Aggiungi Tag
Nessun Tag, puoi essere il primo ad aggiungerne!!

MARC

LEADER 00000nla$a2200000$$$4500
001 0064272
005 20240502071743.0
041 0 |a slo 
044 |a SK 
245 1 0 |a Dopady globalizácie v oblasti poľnohospodárstva  |c Juraj Chebeň 
100 1 |a Chebeň, Juraj